Štíhla výroba a logistika - stále aktuálna výzva na zvyšovanie efektívnosti podnikových procesov

Zoštíhľovanie ako trend a spôsob zdokonaľovania podnikových procesov. Štíhla výroba – inovatívny systém na zdokonaľovanie klasickej výroby. Štíhla logistika – synergický partner štíhlej výroby.

Guardado en:
Detalles Bibliográficos
Autor principal: Dupaľ, Andrej
Formato: Capítulo de libro
Lenguaje:eslovaco
Materias:
Etiquetas: Agregar Etiqueta
Sin Etiquetas, Sea el primero en etiquetar este registro!

MARC

LEADER 00000nla a2200000 4500
001 0239663
005 20240502073902.5
041 0 |a slo 
044 |a SK 
245 1 0 |a Štíhla výroba a logistika - stále aktuálna výzva na zvyšovanie efektívnosti podnikových procesov  |c Andrej Dupaľ 
520 |a Zoštíhľovanie ako trend a spôsob zdokonaľovania podnikových procesov. Štíhla výroba – inovatívny systém na zdokonaľovanie klasickej výroby. Štíhla logistika – synergický partner štíhlej výroby. 
610 2 0 |a výroba 
610 2 0 |a logistika 
610 2 0 |a procesy podnikové 
610 2 0 |a efektívnosť práce 
100 1 |a Dupaľ, Andrej